000 00558nam a2200193Ia 4500
008 101110s9999 xx 000 0 und d
041 _aENGLISH
082 _bSR19096
100 _aKishnadwala, Shetty
245 _aFinancial Accounting - T.Y.B.Com. ( New Revised Syllabus )
365 _b80
520 _aCommerce
546 _aENGLISH
630 _aFinancial Accounting - T.Y.B.Com. ( New Revised Syllabus )
650 _aCommerce
655 _aCommerce
730 _aFinancial Accounting - T.Y.B.Com. ( New Revised Syllabus )
942 _cBOOK
999 _c812452
_d812449